The road to Sarajevo
Đã lưu trong:
| Príomhúdar: | |
|---|---|
| Formáid: | Leabhar |
| Teanga: | Undetermined |
| Foilsithe: |
London
Macgibbon & Kee
1967
|
| Ábhair: | |
| Clibeanna: |
Cuir Clib Leis
Gan Chlibeanna, Bí ar an gcéad duine leis an taifead seo a chlibeáil!
|
| Thư viện lưu trữ: | Trung tâm Học liệu Trường Đại học Cần Thơ |
|---|
| LEADER | 00638nam a2200205Ia 4500 | ||
|---|---|---|---|
| 001 | CTU_108890 | ||
| 008 | 210402s9999 xx 000 0 und d | ||
| 082 | |a 943.6 | ||
| 082 | |b D299 | ||
| 100 | |a Dedijer, Vladimir | ||
| 245 | 4 | |a The road to Sarajevo | |
| 245 | 0 | |c Vladimir Dedijer | |
| 260 | |a London | ||
| 260 | |b Macgibbon & Kee | ||
| 260 | |c 1967 | ||
| 650 | |a austria,world war, 1914-1918,princip, gavrilo, 1894-1918,franz ferdinand, archduke of austria, 1863-1914 | ||
| 650 | |x politics and government,causes,assassination | ||
| 650 | |y 1867-1918 | ||
| 904 | |i Giang | ||
| 980 | |a Trung tâm Học liệu Trường Đại học Cần Thơ | ||